000 00494nam a2200169Ia 4500
003 SISC
005 20180912125703.0
008 180905s9999 xx 000 0 und d
020 _a9781788283342
050 _aPR 4854 .K57 2018
100 _aKipling, Rudyard
245 _cRudyard Kipling
_aThe Man who would be king and other stories/
260 _aLondon :
_bArcturus Publishing Ltd.,
_c2018
300 _a269 pages :
_c20 cm.
650 _aShort stories -- collections
942 _2lcc
_cBK
999 _c358528
_d358528